| 000 | 00529nam a2200181 a 4500 | ||
|---|---|---|---|
| 001 | 0894 | ||
| 005 | 20140414131851.0 | ||
| 008 | 041005s19uu xx 00 eng d | ||
| 020 | _a1-85737-052-X | ||
| 050 |
_aM 621.8 _bT79 1991 |
||
| 100 | _aTucker, Malcolm | ||
| 245 |
_aThe airplane / _cwritten by Malcolm Tucker ; illustrated by Terry Burton. |
||
| 260 |
_aUK : _bMerlion Pub., _c1991. |
||
| 300 | _a45 p. : ill. ; cm. | ||
| 440 | _aWorking Parts | ||
| 650 |
_aAir Transportation _xJuvenile literature. |
||
| 999 |
_c110207 _d110207 |
||